| 000 | 01193nam a2200373 i 4500 | ||
|---|---|---|---|
| 001 | 40970 | ||
| 003 | KOSZ 005 | ||
| 005 | 20211210111138.0 | ||
| 008 | 020321s2001 pl f |000 0 pol d | ||
| 020 | _a8371974132 | ||
| 040 |
_cKOSZ 005 _aKOSZ 005 _dKOSSZ 005/HR |
||
| 041 | 1 |
_apol _heng |
|
| 046 | _k2001 | ||
| 080 | _a004.438 | ||
| 080 | _a(07) | ||
| 100 | 1 |
_aMcLaughlin, Brett _eAutor |
|
| 245 | 1 | 0 |
_aJava i XML / _cBrett McLaughlin ; [tł. Adam Podstawczyński]. |
| 246 |
_iTyt. oryg.: _aJava and XML |
||
| 260 |
_aGliwice : _b"Helion", _c2001. |
||
| 300 |
_a398 s. : _bil. ; _c24 cm. |
||
| 380 | _aKsiążki | ||
| 388 | _a2001- | ||
| 500 | _aTyt. oryg.: "Java and XML". | ||
| 504 | _aIndeks. | ||
| 650 | 9 | _aJava (język programowania) | |
| 650 | 9 | _aXML | |
| 655 | _aPodręcznik | ||
| 658 | _aInformatyka i technologie informacyjne | ||
| 700 | 1 |
_aPodstawczyński, Adam _eTłumaczenie |
|
| 710 | 2 |
_aHelion _4pbl |
|
| 856 |
_uhttp://koha.tu.koszalin.pl/cgi-bin/koha/opac-detail.pl?biblionumber=40970 _yKatalog online BPK |
||
| 942 |
_cKS _2UKD |
||
| 999 |
_c40970 _d40970 |
||